<?xml version="1.0" encoding="UTF-8"?>
<record
    xmlns:xsi="http://www.w3.org/2001/XMLSchema-instance"
    xsi:schemaLocation="http://www.loc.gov/MARC21/slim http://www.loc.gov/standards/marcxml/schema/MARC21slim.xsd"
    xmlns="http://www.loc.gov/MARC21/slim">

  <leader>01476nam a22002057a 4500</leader>
  <datafield tag="952" ind1=" " ind2=" ">
    <subfield code="0">0</subfield>
    <subfield code="1">0</subfield>
    <subfield code="2">lcc</subfield>
    <subfield code="4">0</subfield>
    <subfield code="7">0</subfield>
    <subfield code="a">20</subfield>
    <subfield code="b">20</subfield>
    <subfield code="d">2013-03-13</subfield>
    <subfield code="l">0</subfield>
    <subfield code="o">KGF3266 G65</subfield>
    <subfield code="p">20 001538</subfield>
    <subfield code="r">2013-03-13</subfield>
    <subfield code="t">1, vol. IV</subfield>
    <subfield code="w">2013-03-13</subfield>
    <subfield code="y">LB</subfield>
  </datafield>
  <datafield tag="999" ind1=" " ind2=" ">
    <subfield code="c">89180</subfield>
    <subfield code="d">89180</subfield>
  </datafield>
  <controlfield tag="008">130313t2009    mx ||||| |||| 00| 0 spa d</controlfield>
  <datafield tag="020" ind1=" " ind2=" ">
    <subfield code="a">9786074682137</subfield>
  </datafield>
  <datafield tag="050" ind1=" " ind2=" ">
    <subfield code="a">KGF3266</subfield>
    <subfield code="b">G65</subfield>
  </datafield>
  <datafield tag="100" ind1=" " ind2=" ">
    <subfield code="a">Gonz&#xE1;lez Oropeza, Manuel</subfield>
    <subfield code="e">autor</subfield>
  </datafield>
  <datafield tag="245" ind1=" " ind2=" ">
    <subfield code="a">Las Resoluciones Judiciales que han forjado a M&#xE9;xico, vol. IV</subfield>
    <subfield code="b"> : La constitucion Pol&#xED;tica de los Estados Unidos Mexicanos de 1917</subfield>
    <subfield code="c"> / Manuel Gonz&#xE1;lez Oropeza ; Pedro A. L&#xF3;pez Saucedo</subfield>
  </datafield>
  <datafield tag="260" ind1=" " ind2=" ">
    <subfield code="a">M&#xE9;xico</subfield>
    <subfield code="b"> : Poder Judicial de la Federaci&#xF3;n</subfield>
    <subfield code="c"> , 2009</subfield>
  </datafield>
  <datafield tag="300" ind1=" " ind2=" ">
    <subfield code="a">xiii ; 399 p&#xE1;ginas</subfield>
  </datafield>
  <datafield tag="504" ind1=" " ind2=" ">
    <subfield code="a">Incluye:
Tabla de contenido
Preliminar
Presentaci&#xF3;n
Referencias documentales (pp. 375-399)</subfield>
  </datafield>
  <datafield tag="505" ind1=" " ind2=" ">
    <subfield code="a">Legitimidad de la Cosntituci&#xF3;n de 1917 y la sustanciaci&#xF3;n de los juicios de amparo al inicio de su vigencia
Constitucionalidad de la reforma a la Constituci&#xF3;n de 1857 en 1917
Otorgamiento de una suspenci&#xF3;n en cajetilla de cigarros
Primera controversia constitucional solicitada por un ayuntamiento
Controversia sobre facultades legislativas entre la federaci&#xF3;n y el estado de Oaxaa
Implementaci&#xF3;n del estado social de derecho por la Suprema Corte
Irrectroactividad de las disposiciones constitucionales
Pol&#xE9;mica sobre el control difuso de la constitucionalidad
Investigaci&#xF3;n sobre violaciones al voto p&#xFA;blico</subfield>
  </datafield>
  <datafield tag="519" ind1=" " ind2=" ">
    <subfield code="a">Material Complementario / </subfield>
    <subfield code="b">Derecho / </subfield>
    <subfield code="d">(20 001538)</subfield>
  </datafield>
  <datafield tag="650" ind1=" " ind2="0">
    <subfield code="a">JUICIO DE AMPARO</subfield>
  </datafield>
  <datafield tag="650" ind1=" " ind2="0">
    <subfield code="a">FACULTADES JURISDICCIONALES</subfield>
  </datafield>
  <datafield tag="650" ind1=" " ind2="0">
    <subfield code="a">CONSTITUCIONALISMO MEXICANO</subfield>
  </datafield>
  <datafield tag="942" ind1=" " ind2=" ">
    <subfield code="c">LB</subfield>
  </datafield>
</record>
